000 00349nam a2200133 i 4500
001 bg
100 1 _aPOTKAŃSKI, Wojciech
245 0 _aObciażenia aerodynamiczne odkształcalnego dwupłata... /
_cWojciech Potkański.
260 _aWarszawa,
_c1980.
040 _cBPK
041 _apol
942 _cKS
008 s pl f |000 0 pol
999 _c20850
_d20850
856 _uhttp://koha.tu.koszalin.pl/cgi-bin/koha/opac-detail.pl?biblionumber=20850
_yKatalog online BPK